000 00993nam0a2200277 i 4500
001 RU\NLR\BIBL_A\011325615
005 20240726234402.0
010 _a9785421801726
_950
021 _aRU
_b2017-2299
_9164
035 _a(NLR Aleph) 011325615
090 _a11105545
_c11105545
100 _a20170214d2013 u y0rusy50 ca
101 0 _arus
102 _aRU
105 _aa|||z|||000fy
200 1 _aРазум и чувства братьев меньших
_e[рассказы]
_fЛ.В. Шестера
210 _aВоронеж
_cВоронежский ЦНТИ - филиал ФГБУ "РЭА" Минэнерго России
_d2013
215 _a72 с., [4] л. цв. ил.
_d20
686 0 _aШ9(2)60=Р7-4
700 1 _aШестера
_bЛ.В.
_f1982-
_gЛюбовь Владимировна
942 _cBOOK
980 _aNBR